[Event "North American-ch U10"]
[Site "Montreal"]
[Date "2010.08.16"]
[Round "2"]
[White "Vaillant, Charles Etienne"]
[Black "Fernandez, Jorge Carlo"]
[Result "1-0"]
[WhiteElo "1097"]
[BlackElo "544"]
[PlyCount "71"]
[EventDate "2010.08.16"]
[EventType "swiss"]
[EventRounds "7"]
[EventCountry "CAN"]
[SourceTitle "EXT 2013"]
[Source "ChessBase"]
[SourceDate "2012.11.22"]
[SourceVersion "1"]
[SourceVersionDate "2012.11.22"]
[SourceQuality "1"]

1. e4 e6 2. d4 Nc6 3. Bc4 Nf6 4. Bg5 d5 5. Bb5 dxe4 6. Nc3 h6 7. Bh4 a6 8. Ba4 b5 9. Bb3 g5 10. Bg3 a5 11. Nxb5 Rb8 12. Bxc7 Qd7 13. Bxb8 Nxb8 14. Ba4 Ba6 15. Nc3 Qxa4 16. Nxa4 Bb4+ 17. c3 Bd6 18. Ne2 Bb5 19. Nb6 0-0 20. a4 Be8 21. Ng3 Bc7 22. Nc8 Bxa4 23. Ne7+ Kg7 24. Rxa4 Bd6 25. Nef5+ Kg8 26. Nxh6+ Kh7 27. Ng4 Ne8 28. Nxe4 Bf4 29. Ngf6+ Nxf6 30. Nxf6+ Kg7 31. Nh5+ Kh6 32. Nxf4 gxf4 33. Rxa5 Nc6 34. Rh5+ Kg6 35. Qg4+ Kf6 36. Qg5# 1-0